000 00521nam a2200193Ia 4500
005 20250923144432.0
008 008 250917s9999 xx 000 0 eng d
037 _aTextual
040 _aDSWL
_beng
_cDSWL
041 _aeng
_2eng
084 _aS8y8z7, J0
_qDSWL
245 0 _aExperiments in social Psychology
_cEd.by J. G. Miller
260 _aNew York
_b Mcgraw Hill
_c1956
300 _a205 p.
365 _aUSD
_b3.5
925 _g3.5
942 _cTEXL
_hS8y8z7, J0
999 _c1438859
_d1438859